书目信息 |
| 题名: |
人体组织解剖学实验
|
|
| 作者: | 曾小鲁 编 | |
| 分册: | ||
| 出版信息: | 北京 高等教育出版社 1989.5 |
|
| 页数: | 183页 | |
| 开本: | 20cm | |
| 丛书名: | ||
| 单 册: | ||
| 中图分类: | R329.4 | |
| 科图分类: | ||
| 主题词: | 人体形态学 | |
| 电子资源: | ||
| ISBN: | 7-04-002123-4 | |
| 000 | 00844nam0 2200265 45 | |
| 001 | 0189002175 | |
| 005 | 20060430094350.59 | |
| 010 | @a7-04-002123-4@dCNY1.55 | |
| 020 | @aCN@b89002175 | |
| 100 | @a19900816d1989 m y0chiy0120 ea | |
| 101 | 0 | @achi |
| 102 | @aCN@b110000 | |
| 105 | @ay j 000yy | |
| 200 | 10 | @a人体组织解剖学实验@Aren ti zu zhi jie pou xue shi yan@f曾小鲁等编@Fzeng xiao lu deng bian |
| 205 | @a2版 | |
| 210 | @a北京@c高等教育出版社@d1989.5 | |
| 215 | @a183页@d20cm | |
| 300 | @a高等学校教材 | |
| 330 | @a本书内容包括基本组织、各器官系统的大体解剖和显微结构等24个实验,还介绍了石蜡制片技术等。 | |
| 540 | 1 | @a人体组织 解剖学 实验@Aren ti zu zhi jie pou xue shi yan |
| 606 | 0 | @a人体形态学 |
| 690 | @aR329.4@v4 | |
| 701 | 0 | @a曾小鲁@Azeng xiao lu@4编 |
| 801 | 0 | @aCN@bNLC@c20060430 |
| 905 | @dR329.4@e27=2(+) | |
| 人体组织解剖学实验/曾小鲁等编.-2版.-北京:高等教育出版社,1989.5 |
| 183页;20cm |
| 高等学校教材 |
| ISBN 7-04-002123-4:CNY1.55 |
| 本书内容包括基本组织、各器官系统的大体解剖和显微结构等24个实验,还介绍了石蜡制片技术等。 |
| ● |
| 相关链接 |
|
|
|
|
正题名:人体组织解剖学实验
索取号:R329.4/27=2(+)
 
预约/预借
| 序号 | 登录号 | 条形码 | 馆藏地/架位号 | 状态 | 备注 |
| 1 | 0227072 | 000708425 | 密集书库/ [索取号:R329.4/27=2(+)] | 在馆 | |
| 2 | 0227073 | 001698014 | 密集书库/ [索取号:R329.4/27=2(+)] | 在馆 | |
| 3 | 0227074 | 001698023 | 密集书库/ [索取号:R329.4/27=2(+)] | 在馆 | |
| 4 | 0227075 | 001697989 | 密集书库/ [索取号:R329.4/27=2(+)] | 在馆 | |
| 5 | 0227076 | 202328392 | 密集书库/ [索取号:R329.4/27=2(+)] | 在馆 |